000 00325 a2200133 4500
001 155576
040 _cEscola São Tomás de Aquino
100 _aJÚLIO, Silvana Rossi
240 1 0 _aAprender juntos português
_lpor
245 1 0 _aAprender juntos português
362 0 _a2010
697 _aLíngua portuguesa
942 _cBK
999 _c155576
_d155576